000 00662nam a2200241Ia 4500
003 OSt
005 20220924131948.0
006 a|||||r|||| 00| 0
007 ta
008 220923b |||||||| |||| 00| 0 tel d
024 _a328572
037 _cTextual
040 _aARTS
_cARTS
_btel
041 _2tel
_atel
082 _aA, 35M9
100 _aSowjanya M.D. Au.
_9203387
245 0 _aPrapancha abhuthalu
260 _aVijayawada
_bSri krishna printers India
_c1989
650 _aSCIENCE
700 _a Prasad K.V.N.M. Au.
_9203388
942 _hA, 35M9
_cTEXL
_2CC
999 _c428781
_d428781